[Event "Piura op 10th"]
[Site "Piura"]
[Date "2016.10.14"]
[Round "1"]
[White "Leiva Rodriguez, Jeammarco Giuseppe"]
[Black "Inga Paiva, Joaquin Alonso"]
[Result "1-0"]
[WhiteElo "2386"]
[BlackElo "1263"]
[PlyCount "44"]
[EventDate "2016.10.14"]
[EventType "swiss"]
[EventRounds "7"]
[EventCountry "PER"]
[SourceTitle "EXT 2018"]
[Source "ChessBase"]
[SourceDate "2017.10.13"]
[SourceVersion "1"]
[SourceVersionDate "2017.10.13"]
[SourceQuality "1"]

1. e4 d5 2. exd5 Qxd5 3. Nc3 Qa5 4. d4 c6 5. Bc4 Nf6 6. Nf3 Bf5 7. Ne5 e6 8. g4 Be4 9. 0-0 Bd5 10. Bd3 Bd6 11. Qe2 Qc7 12. Nxd5 cxd5 13. c3 0-0 14. f4 h6 15. Bd2 Nc6 16. Rad1 Nd7 17. Rf3 Rfe8 18. g5 hxg5 19. Rh3 g6 20. Nxf7 Kxf7 21. Bxg6+ Kxg6 22. Qh5+ Kg7 1-0